000
00309nam a22001337a 4500
003
SISC
005
20141205124318.0
008
141205b xxu||||| |||| 00| 0 eng d
010
_a
MPH
100
_a
Gong, Kheong
245
_a
My pals are here: Math 5A workbook
250
_a
2nd edition
942
_2
lcc
_c
BK
999
_c
276897
_d
276897